[Event "World Open"]
[Site "Leon ESP"]
[Date "2008.12.27"]
[Round "7"]
[White "Bareev,E"]
[Black "Granda Zuniga,J"]
[Result "1-0"]
[WhiteElo "2647"]
[BlackElo "2628"]

1.d4 Nf6 2.c4 e6 3.Nc3 Bb4 4.Qc2 O-O 5.a3 Bxc3+ 6.Qxc3 b6 7.Bg5 Bb7 8.f3 h6
9.Bh4 d5 10.Nh3 Nbd7 11.cxd5 exd5 12.e3 Re8 13.Be2 Qe7 14.Bf2 c5 15.O-O cxd4
16.Qxd4 Nc5 17.Rad1 Ne6 18.Qd2 Rac8 19.Rfe1 Nh7 20.Bd3 Nhf8 21.Bb1 Qf6 22.Bg3 Nc5
23.Nf4 Nfe6 24.Nxe6 Nxe6 25.Qd3 Nf8 26.Rd2 Rc5 27.Bf2 Rec8 28.Qf5 Qc6 29.Rdd1 d4
30.Qh3 dxe3 31.Bxe3 Re5 32.Be4 Rxe4 33.fxe4 Re8 34.Bd4 Rxe4 35.Qg3 Ne6 36.Rxe4 Qxe4
37.Bc3 Qc6 38.Rd8+  1-0

[Event "World Open"]
[Site "Leon ESP"]
[Date "2008.12.28"]
[Round "8"]
[White "Granda Zuniga,J"]
[Black "Rivas Pastor,M"]
[Result "1-0"]
[WhiteElo "2628"]
[BlackElo "2514"]

1.d4 e6 2.c4 b6 3.Nc3 Bb4 4.Bd2 Nf6 5.e4 Bxc3 6.Bxc3 Nxe4 7.Qg4 Nxc3 8.Qxg7 Ke7
9.bxc3 d6 10.Qg5+ Kd7 11.Qf4 Qe7 12.Nf3 Bb7 13.Bd3 Nc6 14.O-O Rag8 15.Rfe1 Kc8
16.a4 h5 17.h3 e5 18.Qe3 exd4 19.cxd4 Qxe3 20.Rxe3 Kd8 21.d5 Na5 22.Nd4 Bc8
23.Kh2 h4 24.Rf3 Rg7 25.Rf4 Bd7 26.Nf3 Nb3 27.Ra3 Nc5 28.Bc2 Re8 29.a5 a6
30.Nxh4 Re2 31.Bf5 bxa5 32.Rxa5 Ba4 33.Bg4 Rb2 34.Nf5 Rh7 35.Nd4  1-0

[Event "World Open"]
[Site "Leon ESP"]
[Date "2008.12.28"]
[Round "9"]
[White "Fridman,D2"]
[Black "Granda Zuniga,J"]
[Result "1/2-1/2"]
[WhiteElo "2630"]
[BlackElo "2628"]

1.Nf3 d5 2.d4 Nf6 3.c4 e6 4.Nc3 Be7 5.Bf4 O-O 6.e3 c5 7.dxc5 Bxc5 8.cxd5 exd5
9.Rc1 Nc6 10.Be2 Be6 11.O-O a6 12.Na4 Ba7 13.Bxa6 Bxe3 14.Bxe3 Rxa6 15.Nc5 Rxa2
16.Nxb7 Qc8 17.Nc5 Bg4 18.h3 Bxf3 19.Qxf3 Rxb2 20.Rfd1 Ne5 21.Qg3 Qf5 22.Qf4 Qxf4
23.Bxf4 Ng6 24.Bg5 Nh5 25.Nd7 Re8 26.Rxd5 f6 27.Rd2  1/2-1/2

[Event "XXXIV Open"]
[Site "Seville ESP"]
[Date "2009.01.24"]
[Round "2"]
[White "Anaya Lopez,V"]
[Black "Granda Zuniga,J"]
[Result "0-1"]
[WhiteElo "2087"]
[BlackElo "2625"]

1.e4 c5 2.Nf3 Nc6 3.d4 cxd4 4.Nxd4 e6 5.Nc3 Qc7 6.Be2 a6 7.O-O Nf6 8.Be3 Bb4
9.Na4 Bd6 10.Nxc6 bxc6 11.Nb6 Rb8 12.Nxc8 Rxc8 13.Bxa6 Rb8 14.Bd3 Bxh2+ 15.Kh1 Bf4
16.Qf3 Bxe3 17.Qxe3 Rxb2 18.Qd4 Rb8 19.e5 Nd5 20.Rfe1 O-O 21.c4 Nb4 22.Bb1 f5
23.Rd1 c5 24.Qd6 Qxd6 25.Rxd6 Rb7 26.a3 Nc6 27.f4 Kf7 28.Bc2 Ke7  0-1

[Event "XXXIV Open"]
[Site "Seville ESP"]
[Date "2009.01.25"]
[Round "3"]
[White "Granda Zuniga,J"]
[Black "Guerra Tulcan,L"]
[Result "1-0"]
[WhiteElo "2625"]
[BlackElo "2310"]

1.Nf3 Nf6 2.c4 e6 3.g3 d5 4.Bg2 a6 5.b3 Be7 6.O-O O-O 7.Bb2 Nbd7 8.Nc3 c5
9.cxd5 exd5 10.d4 b5 11.dxc5 Nxc5 12.Nd4 Bb7 13.Nf5 Re8 14.Nxe7+ Rxe7 15.e3 b4
16.Na4 Nce4 17.Qd4 a5 18.Rac1 Ra6 19.Nc5 Nxc5 20.Rxc5 Rd6 21.Rd1 Ree6 22.Rdc1 Re7
23.a3 Qb6 24.axb4 axb4 25.Ra1 h6 26.Rcc1 Rc7 27.Rxc7 Qxc7 28.Qxb4 Rb6 29.Qa5 Qd6
30.Qa4 Rb4 31.Qa3 Ne4 32.Bd4 Bc8 33.f3 Ng5 34.Rc1 Bh3 35.Bxh3 Nxh3+ 36.Kg2 Ng5
37.h4  1-0

[Event "XXXIV Open"]
[Site "Seville ESP"]
[Date "2009.01.26"]
[Round "4"]
[White "Fernandez Romero,Ern"]
[Black "Granda Zuniga,J"]
[Result "1/2-1/2"]
[WhiteElo "2446"]
[BlackElo "2625"]

1.e4 c5 2.Nf3 d6 3.d4 cxd4 4.Nxd4 Nf6 5.Nc3 a6 6.Bg5 Nc6 7.Qd2 Bd7 8.f4 b5
9.Bxf6 gxf6 10.Nf5 b4 11.Nd1 Qc7 12.Nde3 e6 13.Nd4 Be7 14.Bc4 Na5 15.Be2 Nb7
16.f5 Nc5 17.fxe6 fxe6 18.Bh5+ Kf8 19.Bf3 Kg7 20.O-O a5 21.a3 Rab8 22.axb4 Rxb4
23.c3 Nb3 24.Qf2 Rxd4 25.cxd4 Nxa1 26.Rxa1 Rb8 27.d5 Rb4 28.Re1 e5 29.h4 f5
30.g3 Qb6 31.Nxf5+ Bxf5 32.Qxb6 Rxb6 33.exf5 Rxb2 34.Ra1 Bd8 35.g4 Rb4 36.Kg2 e4
37.Bd1 Kf6 38.Kg3 Ke5 39.Rc1 Rb8 40.Ba4 h6 41.Rc2 Bf6 42.Ra2 Rb4 43.g5 hxg5
44.h5 e3 45.Kf3 Re4 46.Bd1 Rd4 47.Be2 Rxd5 48.Kxe3 Rc5 49.h6 d5 50.h7 Kxf5
51.Bd3+ Ke5 52.Rf2 Rc8 53.Ra2 Ra8 54.Ra4 Ke6 55.Kf3 Bc3 56.Kg4 Ke5 57.Kxg5 Bb4
58.Bb5 Kd4 59.Kg6 Kc5 60.Bd3 Kd4 61.Bb5 Kc5 62.Bd3 Bc3 63.Kf7 Rb8 64.Kg6 Rf8
65.Kg5 Kb6 66.Ra3 Bh8 67.Rb3+ Kc6 68.Ra3 Ra8 69.Ra4 Kb6 70.Bf5 Ra7 71.Bd3 Rf7
72.Ra3 Rf3 73.Rb3+ Kc7 74.Bc4 Rxb3 75.Bxb3 Kd6 76.Kf4  1/2-1/2

[Event "XXXIV Open"]
[Site "Seville ESP"]
[Date "2009.01.27"]
[Round "5"]
[White "Granda Zuniga,J"]
[Black "De la Villa Garcia,J"]
[Result "1/2-1/2"]
[WhiteElo "2625"]
[BlackElo "2469"]

1.f4 d5 2.Nf3 g6 3.e3 Bg7 4.d4 Nf6 5.Bd3 c5 6.O-O O-O 7.c3 Bf5 8.Bxf5 gxf5
9.Nbd2 Nbd7 10.Ne5 Ne4 11.Nxe4 fxe4 12.Qg4 f5 13.Qe2 Nxe5 14.dxe5 e6 15.Bd2 Rf7
16.Be1 Bf8 17.Bf2 a6 18.h3 Rg7 19.Kh2 Qe8 20.g4 Qb5 21.Qxb5 axb5 22.gxf5 exf5
23.Rfd1 Kf7 24.Rxd5 Ke6 25.Rd2 Be7 26.b3 Rgg8 27.Be1 Rgd8 28.Kg2 Rxd2+ 29.Bxd2 Rd8
30.Be1 Rd3 31.Kf2 Bh4+ 32.Ke2 Bxe1 33.Rxe1 Rxc3 34.Rd1 Rc2+ 35.Ke1 Rxa2 36.Rd6+ Ke7
37.Rb6 b4 38.Rxb7+ Ke6 39.Rb6+ Ke7 40.Rb7+ Ke6 41.Rb6+  1/2-1/2

[Event "XXXIV Open"]
[Site "Seville ESP"]
[Date "2009.01.28"]
[Round "6"]
[White "Barria,D"]
[Black "Granda Zuniga,J"]
[Result "0-1"]
[WhiteElo "2419"]
[BlackElo "2625"]

1.d4 Nf6 2.c4 e6 3.Nf3 b6 4.g3 Ba6 5.b3 d5 6.Bg2 Bb4+ 7.Bd2 Be7 8.cxd5 exd5
9.O-O O-O 10.Nc3 Re8 11.Bf4 Bb7 12.Qc2 Na6 13.Rfd1 h6 14.a3 Qc8 15.b4 c6
16.Rac1 Nc7 17.Ne5 Bd6 18.Nd3 Qd8 19.Bxd6 Qxd6 20.e3 Ne6 21.Ne5 Rac8 22.Qa4 Qb8
23.Ne2 c5 24.bxc5 bxc5 25.Rb1 Rc7 26.dxc5 Nxc5 27.Qd4 Nce4 28.Nd3 Rc2 29.Re1 Rec8
30.Qb4 R8c7 31.Nd4 R2c3 32.Nb5 R7c4 33.Nxc3 Rxb4 34.Nxe4 Rxe4 35.Bxe4 Nxe4
36.Rec1 d4 37.exd4 Qa8 38.Rc7 Ba6 39.Nc5 Nd2 40.Rc1 Nf3+  0-1

[Event "XXXIV Open"]
[Site "Seville ESP"]
[Date "2009.01.29"]
[Round "7"]
[White "Granda Zuniga,J"]
[Black "Komljenovic,D"]
[Result "0-1"]
[WhiteElo "2625"]
[BlackElo "2418"]

1.d4 Nf6 2.c4 g6 3.Nc3 Bg7 4.e4 d6 5.Be2 O-O 6.Bg5 h6 7.Be3 e5 8.d5 a5 9.g4 Na6
10.f3 Nh7 11.h4 f5 12.Qd2 f4 13.Bf2 Rf7 14.h5 g5 15.Nh3 Nf6 16.Kf1 Bf8 17.Kg2 c5
18.Be1 Bd7 19.Nf2 Be7 20.a3 Qf8 21.Qc2 Qb8 22.Bd2 Qa7 23.Rhb1 Rff8 24.Nd3 Rfc8
25.Nd1 Bd8 26.N1f2 a4 27.b3 Nc7 28.b4 Na6 29.b5 Nb8 30.Nb2 Ba5 31.Bc1 Be8
32.Nxa4 b6 33.Bb2 Nbd7 34.Nc3 Nf8 35.Rh1 Qh7 36.Na2 Rc7 37.Nc1 Rca7 38.Nb3 Bd7
39.Nxa5 bxa5 40.Bc3 a4 41.Rab1 Be8 42.b6 Ra6 43.Nd3 N8d7 44.b7 Rb8 45.Rb2 Ra7
46.Rhb1 Qe7 47.Rb5 Nf8 48.Nb2 Bxb5 49.cxb5 Qxb7 50.Nc4 Qd7 51.Na5 Rb6 52.Nc6 Ra8
53.Bd1 Qb7 54.Qe2 N8d7 55.Na5 Qc7 56.Nc4 Rbb8 57.Qd2 Nb6 58.Na5 Rf8 59.Qd3 Nfd7
60.Nc6 Rf7 61.Bc2 Nf6 62.Nxe5 dxe5 63.d6 Qd7 64.Bxe5 Nxg4 65.fxg4 Qxg4+ 66.Kf2 Re8
67.Ba1 Nd7 68.Qf3 Qh4+ 69.Ke2 g4 70.Rg1 Qh2+ 71.Qf2 f3+ 72.Kf1 Qf4 73.Bc3 Nf6
74.Qd2 Nxe4 75.Qxf4 Rxf4 76.d7 Ref8 77.Ba5 g3 78.Bxe4 g2+ 79.Kf2 Rxe4  0-1

[Event "XXXIV Open"]
[Site "Seville ESP"]
[Date "2009.01.30"]
[Round "8"]
[White "Jimenez de la Torre,J"]
[Black "Granda Zuniga,J"]
[Result "1-0"]
[WhiteElo "2168"]
[BlackElo "2625"]

1.e4 c5 2.Nf3 Nc6 3.d4 cxd4 4.Nxd4 e6 5.Nc3 Qc7 6.Ndb5 Qb8 7.a3 Bc5 8.b4 Be7
9.Bb2 Nf6 10.Be2 O-O 11.O-O a6 12.Nd4 b5 13.Kh1 Bd6 14.h3 Bb7 15.Nb3 Rc8
16.Nc5 Bxc5 17.bxc5 Qa7 18.Qd6 Ne8 19.Qg3 Qxc5 20.Rad1 d6 21.f4 Na5 22.f5 e5
23.f6 Rc7 24.fxg7 f6 25.Rd5 Bxd5 26.Nxd5 Rxg7 27.Qd3 Rc8 28.Bg4 Qxc2 29.Qf3 Kh8
30.Rc1 Qxc1+ 31.Bxc1 Rxc1+ 32.Kh2 Nc4 33.Qf5 Nd2 34.Be2 Re1 35.Bd3 Ra1 36.Qe6 Nf3+
37.gxf3 Ra2+ 38.Kh1 Nc7 39.Nxc7 Rd2 40.Bf1 Rd1 41.Qe8+ Rg8 42.Qxg8+ Kxg8
43.Kg2 Ra1 44.Nxa6 Ra2+ 45.Kg3 Rxa3 46.Bxb5 f5 47.exf5 e4 48.Be2 exf3 49.Bc4+ Kg7
50.Nb8 f2+ 51.Kxf2 Kf6 52.Be6 Rxh3  1-0

[Event "XXII Open"]
[Site "Benidorm ESP"]
[Date "2009.04.24"]
[Round "1"]
[White "Granda Zuniga,J"]
[Black "Amoros Moran,J"]
[Result "1-0"]
[WhiteElo "2610"]
[BlackElo "1997"]

1.d4 Nf6 2.c4 g6 3.Nc3 Bg7 4.e4 d6 5.Be2 O-O 6.Bg5 c5 7.d5 e6 8.Qd2 a6 9.a4 b6
10.Nf3 e5 11.a5 Ra7 12.axb6 Qxb6 13.O-O Nh5 14.b4 Nf4 15.bxc5 Qxc5 16.Na4 Qc7
17.c5 h6 18.Bxf4 exf4 19.Rac1 dxc5 20.Nxc5 Qb6 21.Qxf4 Nd7 22.Nd3 Re8 23.h4 Nf6
24.Nd2 Nxd5 25.exd5 Rxe2 26.Rxc8+ Bf8 27.Ra8 Qd8  1-0

[Event "XXII Open"]
[Site "Benidorm ESP"]
[Date "2009.04.27"]
[Round "4"]
[White "Cabrera,Ale"]
[Black "Granda Zuniga,J"]
[Result "0-1"]
[WhiteElo "2518"]
[BlackElo "2610"]

1.e4 c5 2.Nf3 Nc6 3.d4 cxd4 4.Nxd4 e6 5.Nc3 a6 6.Nxc6 bxc6 7.Bd3 d5 8.O-O Nf6
9.Qf3 Be7 10.e5 Nd7 11.Qg3 g6 12.Bh6 c5 13.b3 Bb7 14.Nd1 Nxe5 15.Qxe5 Bf6
16.Qf4 Bxa1 17.c3 d4 18.c4 f6 19.Re1 Kf7 20.f3 Bc3 21.Re2 Ba5 22.Nf2 Bc7
23.Qh4 a5 24.Ng4 Ra6 25.f4 Bd6 26.f5 exf5 27.Bxf5 Be7 28.Bd3 Bc8 29.Rf2 f5
30.Ne5+ Ke8 31.Qh3 Bf6 32.Re2 Re6 33.Bxf5 d3 34.Bxe6 dxe2 35.Kf2 Qd1 36.Bf7+ Ke7
37.b4 Qe1+ 38.Kxe1  0-1

[Event "XXII Open"]
[Site "Benidorm ESP"]
[Date "2009.05.02"]
[Round "9"]
[White "Granda Zuniga,J"]
[Black "Nabaty,T"]
[Result "1/2-1/2"]
[WhiteElo "2610"]
[BlackElo "2501"]

1.d4 d5 2.c4 dxc4 3.e4 e5 4.Nf3 exd4 5.Bxc4 Nc6 6.O-O Be6 7.Bb5 Bc5 8.Qc2 Bb6
9.Bxc6+ bxc6 10.Qxc6+ Bd7 11.Qc2 Ne7 12.Na3 O-O 13.Nc4 c5 14.Nfe5 Be6 15.b3 f5
16.Bg5 Qc7 17.Bxe7 Qxe7 18.Rae1 Rae8 19.Nd3 fxe4 20.Rxe4 Qd8 21.Rfe1 Bd5
22.Re5 Bc7 23.Rxe8 Rxe8 24.Qc1 h6 25.f3 Rxe1+ 26.Qxe1 Qg5 27.Qe2 a5 28.Nd2 Bf4
29.Qe8+ Kh7 30.Ne4 Be3+ 31.Kh1 Qh4 32.Qe5 c4 33.Qf5+ Kh8 34.Qf8+ Kh7 35.Qf5+ Kh8
36.bxc4 Bxc4 37.Qc8+ Bg8 38.a4 Qe7 39.g3 Qe6 40.Qxe6 Bxe6 41.Kg2 Bb3 42.Nec5 Bd1
43.Nb2 Be2 44.Nb3 d3 45.Nc4 Bd1 46.Nbxa5 Bc1 47.Kf2 Bxa4 48.Ne3 Bb2 49.Nac4 Bc3
50.Nf1 Bd4+ 51.Ke1 Bc3+ 52.Kf2 Bd4+ 53.Ke1  1/2-1/2

[Event "XXII Open"]
[Site "Benidorm ESP"]
[Date "2009.05.03"]
[Round "10"]
[White "Granero Roca,A"]
[Black "Granda Zuniga,J"]
[Result "0-1"]
[WhiteElo "2393"]
[BlackElo "2610"]

1.d4 d5 2.c4 c6 3.Nf3 Nf6 4.Nc3 e6 5.e3 Nbd7 6.Qc2 Bd6 7.Be2 O-O 8.O-O dxc4
9.a4 a5 10.Bxc4 e5 11.h3 exd4 12.exd4 Nb6 13.Bb3 Nfd5 14.Bg5 f6 15.Bd2 Kh8
16.Rfe1 Nb4 17.Qb1 N6d5 18.Ne4 b6 19.Nxd6 Qxd6 20.Qe4 Bd7 21.Bxb4 Qxb4 22.Bxd5 Rae8
23.Qd3 cxd5 24.b3 g6 25.Rxe8 Rxe8 26.Rc1 Bf5 27.Qd1 Re7 28.Rc6 Kg7 29.Kh2 g5
30.Qc1 Bd7 31.Rc3 h6 32.Re3 Qd6+ 33.Kg1 Re4 34.Qc3 Qf4 35.Nh2 Rxe3 36.fxe3 Qd6
37.Nf3 Bxh3 38.Kf2 Bf5 39.Nd2 h5 40.Nf1 h4 41.Qc1 Kf7 42.Qc3 Ke7 43.Qc1 Kd7
44.Qd1 g4 45.Qe2 Kc7 46.Qa6 Bc8 47.Qd3 f5 48.Kg1 Kb7 49.Qc2 Qb4 50.Nd2 Qe7
51.Nf1 Qe4 52.Qf2 g3 53.Qd2 Qb1 54.Qe2 Qxb3 55.Qh5 Qc2 56.Qf3 Ka7 57.Nxg3 hxg3
58.Qd1  0-1

[Event "III Open"]
[Site "La Laguna ESP"]
[Date "2009.05.04"]
[Round "1"]
[White "Granda Zuniga,J"]
[Black "Martin Ortega,O"]
[Result "1-0"]
[WhiteElo "2610"]
[BlackElo "1900"]

1.d4 Nf6 2.c4 d6 3.Nc3 Nbd7 4.e4 e5 5.Nf3 Be7 6.Be2 O-O 7.O-O c6 8.Qc2 Re8
9.Rd1 Bf8 10.Bg5 Qc7 11.b4 b6 12.a3 Bb7 13.d5 c5 14.Nd2 g6 15.Nb3 Bg7 16.Nb5 Qb8
17.bxc5 Nxc5 18.Nxc5 bxc5 19.Rab1 Ba6 20.Bd2 Nd7 21.Bg4 Nb6 22.a4 Bc8 23.Bxc8 Nxc8
24.Rb3 a6 25.Nc3 Qc7 26.Rdb1 Re7 27.Qb2 Ra7 28.Rb8 Rd7 29.Qb6 Bf8 30.Qxc7 Raxc7
31.Ra8 Ne7 32.Rbb8 Ra7 33.Bg5 Rdc7 34.Bd2 Nc8 35.Bg5  1-0

[Event "III Open"]
[Site "La Laguna ESP"]
[Date "2009.05.04"]
[Round "1"]
[White "Granda Zuniga,J"]
[Black "Martin Ortega,O"]
[Result "1-0"]
[WhiteElo "2610"]
[BlackElo "1900"]

1.d4 Nf6 2.c4 d6 3.Nc3 Nbd7 4.e4 e5 5.Nf3 Be7 6.Be2 O-O 7.O-O c6 8.Qc2 Re8
9.Rd1 Bf8 10.Bg5 Qc7 11.b4 b6 12.a3 Bb7 13.d5 c5 14.Nd2 g6 15.Nb3 Bg7 16.Nb5 Qb8
17.bxc5 Nxc5 18.Nxc5 bxc5 19.Rab1 Ba6 20.Bd2 Nd7 21.Bg4 Nb6 22.a4 Bc8 23.Bxc8 Nxc8
24.Rb3 a6 25.Nc3 Qc7 26.Rdb1 Re7 27.Qb2 Ra7 28.Rb8 Rd7 29.Qb6 Bf8 30.Qxc7 Raxc7
31.Ra8 Ne7 32.Rbb8  1-0

[Event "III Open"]
[Site "La Laguna ESP"]
[Date "2009.05.05"]
[Round "2"]
[White "Karim,I"]
[Black "Granda Zuniga,J"]
[Result "0-1"]
[WhiteElo "2407"]
[BlackElo "2610"]

1.e4 e5 2.Nf3 Nc6 3.Bb5 Nf6 4.O-O Nxe4 5.d4 Nd6 6.dxe5 Nxb5 7.a4 d6 8.e6 fxe6
9.axb5 Nb4 10.Ng5 Qf6 11.Ra4 a5 12.bxa6 Nxa6 13.h4 Be7 14.Rf4 Qg6 15.Nf7 O-O
16.h5 Qxf7 17.Rxf7 Rxf7 18.Nc3 Bd7 19.Be3 Nb4 20.Ne4 Nd5 21.Bg5 Bxg5 22.Nxg5 Rf5
23.Ne4 h6 24.c4 Nf4 25.g3 Bc6 26.gxf4 Bxe4 27.Qg4 Raf8 28.Re1 Bc6 29.Rxe6 Rxf4
30.Qg3 Rxc4 31.Re1 Bf3 32.Kf1 Rg4  0-1

[Event "III Open"]
[Site "La Laguna ESP"]
[Date "2009.05.06"]
[Round "4"]
[White "Savchenko,S"]
[Black "Granda Zuniga,J"]
[Result "1/2-1/2"]
[WhiteElo "2529"]
[BlackElo "2610"]

1.Nf3 Nf6 2.c4 c6 3.d4 d5 4.Nc3 e6 5.Bg5 h6 6.Bxf6 Qxf6 7.e3 Nd7 8.Bd3 Qd8
9.O-O Be7 10.a3 O-O 11.Qc2 a5 12.Rac1 dxc4 13.Bxc4 a4 14.Ba2 Qa5 15.Rfd1 Rd8
16.Ne4 g6 17.h3 Kg7 18.Nfd2 Nb6 19.Nc5 Qa7 20.Nf3 Nd7 21.Nd3 Qb8 22.Bb1 Bf6
23.Ba2 Re8 24.Qc4  1/2-1/2

[Event "III Open"]
[Site "La Laguna ESP"]
[Date "2009.05.10"]
[Round "9"]
[White "Granda Zuniga,J"]
[Black "Del Rio de Angelis,S"]
[Result "1/2-1/2"]
[WhiteElo "2610"]
[BlackElo "2531"]

1.Nf3 d5 2.c4 e6 3.d4 Nf6 4.Nc3 Be7 5.Bg5 O-O 6.e3 Nbd7 7.Rc1 dxc4 8.Bxc4 a6
9.a4 c5 10.O-O cxd4 11.exd4 Nb6 12.Ba2 Bd7 13.Ne5 Bc6 14.a5 Nbd5 15.Nxc6 bxc6
16.Qa4 Rb8 17.Bc4 Rb4 18.Qa2 Nc7 19.Rfd1 Nfd5 20.Bxe7 Qxe7 21.Ne4 Rbb8 22.Nc5 Ra8
23.Qa4 Qd6 24.Bf1 Rfb8 25.Nd3 Ne7 26.Ne5 Rxb2 27.Nc4 Rb4 28.Qc2 Qd8 29.Nb6 Rb8
30.Qc5 Ncd5 31.Bxa6 Qxb6 32.Be2  1/2-1/2

[Event "III Ruy Lopez"]
[Site "Zafra ESP"]
[Date "2009.06.16"]
[Round "4"]
[White "Adams,Mi"]
[Black "Granda Zuniga,J"]
[Result "1/2-1/2"]
[WhiteElo "2703"]
[BlackElo "2610"]

1.e4 c6 2.d4 d5 3.e5 Bf5 4.Be3 e6 5.Nd2 Nd7 6.Ngf3 Bg6 7.Be2 Nh6 8.c3 Nf5
9.Bf4 Be7 10.b4 a5 11.a3 O-O 12.O-O b6 13.Nb3 Qc7 14.Qc1 axb4 15.axb4 Rxa1
16.Qxa1 c5 17.Qa4 c4 18.Nbd2 Qb7 19.Ra1 b5 20.Qa7 Rb8 21.g4 Nh6 22.Qxb7 Rxb7
23.h3 Nb6 24.Nf1 Na4 25.Bd2 Kf8 26.Ng3 Ke8 27.Ne1 Ng8 28.Bd1 Kd8 29.Ng2 Bf8
30.f4 Ne7 31.Bf3 f6 32.f5 exf5 33.gxf5 Nxf5 34.Nxf5 Bxf5 35.Bxd5 Rb6 36.exf6 gxf6
37.Bxc4 Nxc3 38.Ra8+ Bc8 39.Bxc3 bxc4 40.Ne3 Bxb4 41.Nxc4 Bxc3 42.Rxc8+ Kxc8
43.Nxb6+ Kd8 44.Kg2 Bxd4 45.Nd5 Kd7 46.Kf3 Ke6 47.Nf4+ Kf5 48.Nd5 Be5 49.Ne3+ Kg5
50.Nd5 Bd6 51.Ne3 Be5 52.Nd5 Bd6  1/2-1/2

[Event "III Ruy Lopez"]
[Site "Zafra ESP"]
[Date "2009.06.17"]
[Round "5"]
[White "Granda Zuniga,J"]
[Black "Koneru,H"]
[Result "1-0"]
[WhiteElo "2610"]
[BlackElo "2612"]

1.Nf3 Nf6 2.c4 e6 3.Nc3 d5 4.d4 Bb4 5.Qa4+ Nc6 6.a3 Bxc3+ 7.bxc3 Ne4 8.Qc2 O-O
9.e3 Na5 10.Bd3 b6 11.Nd2 f5 12.cxd5 exd5 13.O-O Bb7 14.Nf3 c5 15.Ne5 Qc8
16.f3 Nd6 17.Qe2 Qe6 18.Ra2 Rac8 19.Qe1 Nac4 20.Nxc4 Nxc4 21.Re2 Nd6 22.Qg3 Bc6
23.Bb2 Rf7 24.Rfe1 Re8 25.Qf4 h6 26.a4 Qd7 27.Ra1 c4 28.Bc2 Nb7 29.Qh4 Rf6
30.h3 Nd6 31.a5 bxa5 32.Rxa5 Qc7 33.Ra1 a5 34.Qe1 Rb8 35.Ba3 Nf7 36.e4 fxe4
37.fxe4 dxe4 38.Bxe4 Bxe4 39.Rxe4 Ng5 40.Re3 Rfb6 41.h4 Nf7 42.Re8+ Rxe8
43.Qxe8+ Kh7 44.Rf1 Rb7 45.Qe6 h5 46.Qe4+ Kg8 47.Qe8+ Kh7 48.Qe4+ Kg8 49.Bc5 Qd7
50.d5 Rc7 51.Ba3 a4 52.Qe6 Kh7 53.Rf5 Nh6 54.Rxh5 Qb5 55.Qe4+ Kg8 56.Re5 Rc8
57.d6 Qb3 58.Qd5+ Kh7 59.Qe4+ Kg8 60.Rg5 Nf7 61.Qg4 Nxg5 62.Qxc8+ Kh7 63.Qf5+ Kg8
64.Qxg5 Qxa3 65.d7  1-0

[Event "III Ruy Lopez"]
[Site "Zafra ESP"]
[Date "2009.06.18"]
[Round "6"]
[White "Larino Nieto,D"]
[Black "Granda Zuniga,J"]
[Result "1-0"]
[WhiteElo "2464"]
[BlackElo "2610"]

1.e4 c6 2.d4 d5 3.e5 Bf5 4.h4 h5 5.c4 e6 6.Nc3 dxc4 7.Bxc4 Nh6 8.Bg5 Be7
9.Bxe7 Qxe7 10.Qxh5 Bg6 11.Qe2 Nf5 12.O-O-O Rxh4 13.Nf3 Rxh1 14.Rxh1 Nd7
15.Bd3 Nf8 16.Bxf5 Bxf5 17.Ne4 Bxe4 18.Qxe4 O-O-O 19.a3 Kb8 20.Kb1 c5 21.dxc5 Qxc5
22.Rc1 Qb6 23.Qf4 Rd7 24.Rc2 Ng6 25.Qe4 a6 26.g3 Rd5 27.Ka2 Qb5 28.Nd4 Qd7
29.Nf3 Ne7 30.Ne1 Rd4 31.Qg2 g5 32.Rc3 Nc6 33.Nc2 Rd2 34.Qe4 Rxf2 35.Rd3 Qc7
36.Nb4 Na5 37.Qe1 Rf5 38.Rc3 Qxe5 39.Qd2 Ka7 40.Rc8 Rf3 41.Qd8  1-0

[Event "City of Culture GM"]
[Site "Donostia ESP"]
[Date "2009.07.09"]
[Round "3"]
[White "Ponomariov,R"]
[Black "Granda Zuniga,J"]
[Result "1-0"]
[WhiteElo "2727"]
[BlackElo "2647"]

1.d4 d5 2.c4 c6 3.Nf3 Nf6 4.Nc3 e6 5.g3 dxc4 6.Bg2 Nbd7 7.O-O Be7 8.e4 O-O
9.Bf4 Qa5 10.a4 b6 11.Qe2 Re8 12.Bd2 Bb4 13.e5 Nd5 14.Ng5 Nf8 15.Nge4 Rd8
16.h4 Bb7 17.h5 c5 18.dxc5 Nd7 19.h6 Nxc5 20.Qg4 g6 21.Nxd5 exd5 22.Bxb4 Qxb4
23.Nd6 Qxb2 24.Qg5 Rxd6 25.exd6 f6 26.Bxd5+ Kh8 27.Bxb7 fxg5 28.Bxa8 Kg8
29.Rad1  1-0

[Event "City of Culture GM"]
[Site "Donostia ESP"]
[Date "2009.07.12"]
[Round "5"]
[White "Granda Zuniga,J"]
[Black "Movsesian,S"]
[Result "1/2-1/2"]
[WhiteElo "2647"]
[BlackElo "2716"]

1.d4 Nf6 2.c4 g6 3.Nc3 Bg7 4.e4 d6 5.Bd3 O-O 6.Nge2 a6 7.O-O c6 8.f3 b5 9.Be3 Nbd7
10.Qe1 e5 11.Rd1 Bb7 12.b3 Re8 13.d5 cxd5 14.cxd5 Nc5 15.Bc2 Qa5 16.a3 Ncd7
17.b4 Qc7 18.Rc1 Rec8 19.Bd3 Qd8 20.Qf2 Nh5 21.Nb1 Rxc1 22.Rxc1 Rc8 23.Rxc8 Qxc8
24.g4 Nhf6 25.Nd2 Ne8 26.Nb3 Bf6 27.Na5 Bd8 28.Kg2 Ba8 29.Qg1 Bxa5 30.bxa5 Nc5
31.Qc1 Qc7 32.Bb1 Bb7 33.Qc3 Nf6 34.Ng3 Nfd7 35.h4 Qd8 36.Bg5 f6 37.Bd2 Na4
38.Qc1 Nac5 39.Bc2 Bc8 40.Bd1 Nb7 41.Qc3 Ndc5 42.Bc2 Kg7 43.Be1 Kg8 44.Kf1 Bd7
45.Ke2 Na4 46.Qb4 Qc7 47.Kd1 Kf7 48.g5 fxg5 49.hxg5 Nac5 50.Nh1 Bh3 51.Ke2 Kg8
52.Qc3 Qd8 53.Nf2 Bd7 54.Bd2 Na4 55.Qb4 Nac5 56.Kf1 h5 57.gxh6 g5 58.Qc3 Qf6
59.Kg2 Kh7 60.Ng4 Bxg4 61.fxg4 Kxh6 62.Qh3+ Kg7 63.Qh5 Qg6 64.Kh3 Nd7 65.a4 bxa4
66.Bxa4 Nf6 67.Qxg6+ Kxg6 68.Bb4 Nc5 69.Bc2 Nfd7 70.Kg2 Kf7 71.Kf3 Ke7 72.Ke3 Kf6
73.Kf3 Ke7 74.Ke3  1/2-1/2

[Event "City of Culture GM"]
[Site "Donostia ESP"]
[Date "2009.07.13"]
[Round "6"]
[White "Kasimdzhanov,R"]
[Black "Granda Zuniga,J"]
[Result "1-0"]
[WhiteElo "2672"]
[BlackElo "2647"]

1.d4 d5 2.c4 c6 3.Nf3 Nf6 4.Nc3 dxc4 5.a4 Bf5 6.Ne5 Nbd7 7.Nxc4 Nb6 8.Ne5 a5
9.g3 e6 10.Bg2 Bb4 11.O-O O-O 12.e3 h6 13.Qe2 Bh7 14.Rd1 Qe7 15.e4 Rfd8 16.Nd3 Rxd4
17.Be3 e5 18.Bxd4 exd4 19.Na2 Bd6 20.Re1 Nfd7 21.e5 Bc7 22.Nac1 Re8 23.Be4 g6
24.Nb3 c5 25.e6 fxe6 26.Nxa5 Nf6 27.Bxb7 c4 28.Ne5 d3 29.Qd2 Qc5 30.Naxc4  1-0

[Event "City of Culture GM"]
[Site "Donostia ESP"]
[Date "2009.07.15"]
[Round "8"]
[White "Vachier Lagrave,M"]
[Black "Granda Zuniga,J"]
[Result "1/2-1/2"]
[WhiteElo "2703"]
[BlackElo "2647"]

1.e4 e5 2.Nf3 Nc6 3.Bb5 Nf6 4.d3 d6 5.O-O Bd7 6.Re1 a6 7.Bxc6 Bxc6 8.d4 Be7
9.Nc3 exd4 10.Nxd4 Bd7 11.Qf3 O-O 12.Nf5 Bxf5 13.Qxf5 Re8 14.Bf4 Qc8 15.Qxc8 Raxc8
16.Rad1 Bf8 17.h3 h5 18.f3 g6 19.g4 Bg7 20.Bc1 hxg4 21.hxg4 Nd7 22.Nd5 f6
23.Kg2 Kf7 24.Be3 f5 25.exf5 gxf5 26.gxf5 Bxb2 27.Rb1 Nf6 28.Nxf6 Bxf6 29.Rxb7 Bc3
30.Re2 Re7 31.Kf1 Rce8 32.Bg5 Rxe2 33.Rxc7+ Kg8 34.Rxc3 R2e5 35.Rc6 Rxf5
36.f4 Ra5 37.Rxd6 Rc8 38.Ke2 Rxc2+ 39.Kf3 Kf7 40.Bf6 Raxa2 41.Ke4 Rd2 42.Rb6 Ke8
43.Be5 Kd7 44.Kf5 Rd5 45.Rb7+ Kc6 46.Rc7+ Kb6 47.Rc8 Re2 48.Ke6 Rd3 49.Rb8+ Ka7
50.Rc8 a5 51.f5 Rde3 52.Rc5 Kb6 53.Rd5 a4 54.f6 a3 55.f7 Rf3 56.Rd6+ Kb5
57.Rd3 Rxd3 58.f8=Q Rde3 59.Qb8+ Ka4 60.Qa8+ Kb4 61.Qb7+ Ka5 62.Qa7+ Kb5
63.Qb7+ Ka5 64.Qd5+ Kb4 65.Qb7+ Ka5  1/2-1/2

[Event "City of Culture GM"]
[Site "Donostia ESP"]
[Date "2009.07.16"]
[Round "9"]
[White "Granda Zuniga,J"]
[Black "Svidler,P"]
[Result "1/2-1/2"]
[WhiteElo "2647"]
[BlackElo "2739"]

1.Nf3 Nf6 2.c4 g6 3.Nc3 d5 4.cxd5 Nxd5 5.Qb3 Nb6 6.d4 Bg7 7.Bf4 Be6 8.Qa3 O-O
9.e3 N8d7 10.Rc1 c6 11.Ne4 Bf5 12.Bd3 Nd5 13.Bg3 Qb6 14.Rc4 Rfe8 15.O-O e5
16.dxe5 Nxe5 17.Nxe5 Bxe5 18.Bxe5 Rxe5 19.Nc5 Bxd3 20.Nxd3 Ree8  1/2-1/2

[Event "Continental ch-Americas"]
[Site "Sao Paulo BRA"]
[Date "2009.07.25"]
[Round "1"]
[White "Granda Zuniga,J"]
[Black "Condori,E"]
[Result "1-0"]
[WhiteElo "2647"]
[BlackElo "2160"]

1.d4 Nf6 2.c4 g6 3.Nc3 Bg7 4.e4 d6 5.Bd3 e5 6.Nge2 Nc6 7.d5 Ne7 8.f3 Nd7
9.O-O O-O 10.Bg5 a5 11.Qd2 Nc5 12.Bc2 f6 13.Bh4 Kh8 14.Kh1 Ng8 15.Nd1 Bh6
16.Qe1 Ne7 17.Nec3 Bd7 18.b3 Qe8 19.Nb2 f5 20.a3 fxe4 21.fxe4 Ng8 22.Rxf8 Qxf8
23.Rb1 Qf4 24.b4 axb4 25.axb4 Qd2 26.Qxd2 Bxd2 27.Be1 Bxe1 28.Rxe1 Na6 29.Ra1 Rf8
30.Nd3 b6 31.Kg1 Bc8 32.Ba4 Nf6 33.Bb5 Nb8 34.Ra7  1-0

[Event "Continental ch-Americas"]
[Site "Sao Paulo BRA"]
[Date "2009.07.26"]
[Round "2"]
[White "Livshits,R"]
[Black "Granda Zuniga,J"]
[Result "1/2-1/2"]
[WhiteElo "2332"]
[BlackElo "2647"]

1.c4 c5 2.Nf3 Nf6 3.g3 b6 4.Bg2 Bb7 5.O-O g6 6.Nc3 Bg7 7.d4 cxd4 8.Qxd4 d6
9.Bg5 Nbd7 10.Rad1 h6 11.Bc1 O-O 12.Qf4 Rc8 13.b3 a6 14.Bb2 Rc7 15.Ne1 Qa8
16.Bxb7 Rxb7 17.Nc2 b5 18.cxb5 axb5 19.Nb4 Nc5 20.Rd2 Rc8 21.Rfd1 Ne8 22.Ne4 Bxb2
23.Rxb2 Nxe4 24.Qxe4 Nf6 25.Qf3 Qa7 26.Nc6 Qa3 27.Rc2 Kg7 28.Nd4 Qa8 29.Rdc1 Rxc2
30.Rxc2 b4 31.Nc6 d5 32.Qf4 Qc8 33.Nxb4 Qh3 34.f3 e5 35.Qd2 d4 36.Nd3 Nd5
37.Nf2 Qe6 38.Nd1 Qb6 39.Kg2 h5 40.e4 Nb4 41.Rc4 Qa5 42.a4 Qb6 43.Nf2 Qd6
44.Qc1 Qb6 45.Rc5 Na2 46.Qc4 Nc3 47.Rxe5 Rc7 48.Qd3 Rc8 49.Re7 Qd6 50.Rb7 Na2
51.Qb5 Nc1 52.Ra7 Qf6 53.Qd5 Rc2 54.e5 Qf5  1/2-1/2

[Event "Continental ch-Americas"]
[Site "Sao Paulo BRA"]
[Date "2009.07.27"]
[Round "4"]
[White "Di Berardino,D"]
[Black "Granda Zuniga,J"]
[Result "1/2-1/2"]
[WhiteElo "2453"]
[BlackElo "2647"]

1.e4 Nf6 2.e5 Nd5 3.d4 d6 4.c4 Nb6 5.exd6 exd6 6.Nc3 Be7 7.h3 Bf5 8.Nf3 O-O
9.Be2 Nc6 10.d5 Ne5 11.Nd4 Bg6 12.b3 c5 13.dxc6 bxc6 14.O-O c5 15.Nf3 Bf6
16.Bb2 Nc6 17.Qd2 a5 18.Rad1 a4 19.Nb5 axb3 20.axb3 d5 21.cxd5 Nb4 22.Bxf6 Qxf6
23.Nc3 Rfd8 24.Ra1 Rab8 25.Bc4 Nc2 26.Rad1 Nxc4 27.bxc4 Rb3 28.Ne2 Rb4 29.Qf4 Qxf4
30.Nxf4 Rxc4 31.Nxg6 hxg6 32.Ne5 Re4 33.Nc6 Rd6 34.Rc1 Nb4 35.Rxc5 Rxd5 36.Rxd5 Nxd5
37.Rd1 Nf4 38.Kf1  1/2-1/2